Diccionario de sinónimos e ideas afines y de la rima (Registro nro. 1747)
[ vista simple ]
| 000 -CABECERA | |
|---|---|
| Campo de control | 00616nam a2200217 a 4500 |
| 005 - FECHA Y HORA DE LA ULTIMA TRANSACCION | |
| Campo de control | 20160129093653.0 |
| 008 - ELEMENTOS DE LONGITUD FIJA—INFORMACION GENERAL | |
| Campo de control | 160127b1981 sp ||||gr|||| 00| 0 spa d |
| 040 ## - FUENTE DE CATALOGACIÓN | |
| Agencia catalogadora original | CO-BoIAVH |
| Agencia transcriptora | CO-BoIAVH |
| 041 ## - IDIOMA | |
| Código de idioma para texto/pista de sonido o título separado | Español |
| 090 ## - CLASIFICACIÓN LOCAL | |
| Colección | RE |
| Consecutivo | 00052 |
| 100 1# - ASIENTO PRINCIPAL--NOMBRE PERSONAL | |
| Nombre personal | Horta Massanes, Joaquim |
| 245 1# - MENCION DE TITULO | |
| Título | Diccionario de sinónimos e ideas afines y de la rima |
| 250 ## - MENCION DE EDICION | |
| Mención de edición | 3 ed. |
| 260 ## - PUBLICACION, DISTRIBUCION, ETC. (PIE DE IMPRENTA) | |
| Lugar de publicación, distribución, etc. | Madrid |
| Nombre del editor, distribuidor, etc. | Editorial Paraninfo |
| Fecha de publicación, distribución, etc. | 1981 |
| 300 ## - DESCRIPCION FISICA | |
| Extensión | 363 paginas. |
| Dimensiones | 21 x 15 cm |
| 650 #6 - ASIENTO SECUNDARIO DE MATERIA - TERMINO TEMATICO | |
| Término temático o nombre geográfico como elemento de entrada | Diccionarios |
| 650 #6 - ASIENTO SECUNDARIO DE MATERIA - TERMINO TEMATICO | |
| Término temático o nombre geográfico como elemento de entrada | Lengua española |
| 650 #6 - ASIENTO SECUNDARIO DE MATERIA - TERMINO TEMATICO | |
| Término temático o nombre geográfico como elemento de entrada | Sinónimos |
| 650 #6 - ASIENTO SECUNDARIO DE MATERIA - TERMINO TEMATICO | |
| Término temático o nombre geográfico como elemento de entrada | Rima |
| 942 ## - ELEMENTOS ADICIONALES (KOHA) | |
| Tipo de ítem | Referencia |
| Sistema de clasificación | Local |
| Withdrawn status | Lost status | Sistema de Clasificación | Damaged status | No para préstamo | Colección | Ubicación Permanente | Ubicación actual | Fecha de adquisición | Fuente de Valor | Total Checkouts | Número topográfico | Inventario / Código de Barras | Date last seen | Ejemplar | Price effective from | Tipo de material |
|---|---|---|---|---|---|---|---|---|---|---|---|---|---|---|---|---|
| Local | Referencia | Bogotá | Bogotá | 15/01/1998 | Instituto de Desarrollo de los Recursos Naturales Renovables y del Ambiente | RE-00052 | 003773 | 04/12/2012 | Ej.1 | 04/12/2012 | Referencia |